Samuel Taylor Coleridge : the complete poems /

Bibliographic Details
Main Author: Coleridge, Samuel Taylor, 1772-1834
Other Authors: Keach, William, 1942-
Format: Book
Language:English
Published: London ; New York : Penguin Books, 1997.
Series:Penguin classics.

MARC

Tag First Indicator Second Indicator Subfields
LEADER 00000cam a2200000 a 4500
001 in00001402273
005 20151020054123.0
008 970604s1997 enk b 000 0 eng d
020 |a 0140423532 (pbk.) 
035 |a (OCoLC)37013689 
035 |9 AHN0459AM 
040 |a EUN  |c EUN  |d GZM  |d DGU  |d UOK  |d UtOrBLW 
049 |a TXAM 
082 0 4 |a 821/.7  |2 21 
090 |a PR4471  |b .K4 1997 
100 1 |a Coleridge, Samuel Taylor,  |d 1772-1834. 
240 1 0 |a Poems 
245 1 0 |a Samuel Taylor Coleridge :  |b the complete poems /  |c edited by William Keach. 
246 3 |a Complete poems 
264 1 |a London ;  |a New York :  |b Penguin Books,  |c 1997. 
300 |a xxx, 626 pages ;  |c 18 cm. 
336 |a text  |b txt  |2 rdacontent 
337 |a unmediated  |b n  |2 rdamedia 
338 |a volume  |b nc  |2 rdacarrier 
490 1 |a Penguin classics 
504 |a Includes bibliographical references. 
700 1 |a Keach, William,  |d 1942- 
830 0 |a Penguin classics. 
948 |a c:en 
999 |a MARS 
999 f f |s 9f836154-66e9-3e97-8ec5-ce1c9ab40ca4  |i ad88ae0e-e5f4-3a09-8138-4339454f6ad8  |t 0 
952 f f |p normal  |a Texas A&M University  |b College Station  |c Sterling C. Evans Library  |s Evans stk  |d Evans: Library Stacks  |t 0  |e PR4471 .K4 1997  |h Library of Congress classification  |i unmediated -- volume  |m A14833002389 
998 f f |a PR4471 .K4 1997  |t 0  |l Evans: Library Stacks